| 000 | 00734nam a22001817a 4500 | ||
|---|---|---|---|
| 010 | _a236470 | ||
| 035 | _a236470 | ||
| 037 | _aCen Lib/Ret | ||
| 040 |
_aDPL _bEN |
||
| 082 |
_a651 _bLIF |
||
| 245 |
_aLIFCO's business, commerce, industry & office manual : how to manage and how to serve in any capacity and under all circumstances : _bA practical guide to working of shops, offices, mills, factories, etc. of the public and private sectors / |
||
| 260 |
_aMadras _bLittle Flower Co _c1963 |
||
| 300 |
_axvi, A-462p _b24cm(Hb) |
||
| 650 |
_aIndustrial management -- India. _9112723 |
||
| 650 |
_aOffice management. _919428 |
||
| 650 |
_aCommercial correspondence -- India. _9112724 |
||
| 942 |
_2ddc _cEN _h651 _mLIF |
||
| 999 |
_c136168 _d136168 |
||